| 000 | 00652nam a22002057a 4500 | ||
|---|---|---|---|
| 999 |
_c10745 _d10745 |
||
| 003 | AR-CdUCM | ||
| 008 | 190401b ||||| |||| 00| 0 spa d | ||
| 040 |
_aMUNICIPALIDAD PROVINCIAL DEL CUSCO _cBIBLIOTECA MUNICIPAL DEL CUSCO |
||
| 082 |
_aEP / 372.461 / _bZ35 |
||
| 100 |
_aZapata Santillana, Everardo _927530 |
||
| 245 |
_aAprestamiento coquito : _bprimer grado / |
||
| 260 |
_aLima : _bCoquito, _c1995. |
||
| 300 |
_a63 páginas ; _bimágenes. _c27 cm. |
||
| 505 | _aContenido: cuaderno para colorear. | ||
| 650 |
_aColorear. _927751 |
||
| 650 |
_aInicial. _927167 |
||
| 650 |
_aEducación primaria. _91561 |
||
| 942 |
_2ddc _cLIBROS |
||
| 945 | _awfj | ||